Southville International School and Colleges
Your cart is empty.
  • Cart
  • Lists
    Public lists Eva Luna New books Lux_list list_1
    Your lists Log in to create your own lists
  • Log in to your account
  • Your cookies
  • Search history
Southville International School and Colleges
  • Advanced search
  • Recent comments
  • Most popular
  • Libraries

Log in to your account

Log in with GOOGLE


If you do not have an external account, but do have a local account, you can still log in:

  1. Home
  2. MARC view: Keeping the family business healthy :
Normal view MARC view ISBD view

Keeping the family business healthy : (Record no. 117918)

[ view plain ]
MARC details
000 -LEADER
fixed length control field 00663nam a2200193Ia 4500
003 - CONTROL NUMBER IDENTIFIER
control field SISC
005 - DATE AND TIME OF LATEST TRANSACTION
control field 20170126095007.0
008 - FIXED-LENGTH DATA ELEMENTS--GENERAL INFORMATION
fixed length control field 140609s9999 xx 000 0 und d
020 ## - INTERNATIONAL STANDARD BOOK NUMBER
International Standard Book Number 9780230111219
050 ## - LIBRARY OF CONGRESS CALL NUMBER
Classification number HD 62.25
Item number .W37 2011
100 ## - MAIN ENTRY--PERSONAL NAME
Personal name Ward, John L.
245 ## - TITLE STATEMENT
Title Keeping the family business healthy :
Remainder of title how to plan for continuing growth, profitability, and family leadership /
Statement of responsibility, etc John L. Ward.
260 ## - PUBLICATION, DISTRIBUTION, ETC. (IMPRINT)
Place of publication, distribution, etc New York :
Name of publisher, distributor, etc Palgrave Macmillan,
Date of publication, distribution, etc 2011.
300 ## - PHYSICAL DESCRIPTION
Extent 286 pages ;
Dimensions 25 cm.
440 ## - SERIES STATEMENT/ADDED ENTRY--TITLE
Title (A family business publication).
500 ## - GENERAL NOTE
General note Includes appendices, bibliographical references and index.
942 ## - ADDED ENTRY ELEMENTS (KOHA)
Call number prefix Foreign
Koha item type Books
Source of classification or shelving scheme Library of Congress Classification
Holdings
Withdrawn status Lost status Source of classification or shelving scheme Damaged status Home library Current library Shelving location Date acquired Source of acquisition Cost, normal purchase price Total Checkouts Full call number Barcode Date last seen Price effective from Koha item type
    Library of Congress Classification   College Library College Library General Circulation Section 06/09/2014 Donation 4284.00   HD 62.25 .W37 2011 C18206 05/15/2018 06/09/2014 Books

Keeping the family business healthy :

APA

Ward J. L., . (2011). Keeping the family business healthy. New York: Palgrave Macmillan.

Chicago

Ward John L, . 2011. Keeping the family business healthy. New York: Palgrave Macmillan.

Harvard

Ward J. L., . (2011). Keeping the family business healthy. New York: Palgrave Macmillan.

MLA

Ward John L, . Keeping the family business healthy. New York: Palgrave Macmillan. 2011.

  • Place hold
  • Print
  • Cite
  • Add to your cart (remove)
  • Save record
    BIBTEX Dublin Core MARCXML MARC (non-Unicode/MARC-8) MARC (Unicode/UTF-8) MARC (Unicode/UTF-8, Standard) MODS (XML) RIS
  • More searches
    Search for this title in:
    Other Libraries (WorldCat) Other Databases (Google Scholar) Online Stores (Bookfinder.com) Open Library (openlibrary.org)

Exporting to Dublin Core...

SOUTHVILLE LIBRARY

Southville International School and Colleges Library

1281 Tropical Ave. Cor. Luxembourg St., BF Homes International, Las Pinas City

Tel. No. 8256374 / 252358 Loc. 117/146

Powered by Koha